01115nab a22002177a 4500003000400000005001700004008004100021040000700062100002000069245020600089260007200295300001300367500003500380505017900415505008900594650001800683650001800701650003600719650002000755773012200775OSt20251209144012.0190502c xxu||||| |||| 00| 0 spa d cPJ aFrega, Leonardo10aCoyuntura de los jóvenes en conflicto con la ley de la Ciudad Autónoma de Buenos Aires durante el 2024. Vínculo y alcance del actual proyecto de ley del régimen penal juvenil /cLeonardo Frega. aCiudad Autónoma de Buenos Aires :bThomson Reuters La Ley,c2025. ap. 31-52 aCita Online: AR/DOC/2135/2025. aSumario: I. Introducción.— II. Análisis estadístico del 2024 en la CABA.— III. El proyecto de ley penal juvenil (INLEG-2024-73985365-APN-PTE).— IV. Conclusiones.  t¿Te interesa el texto completo? Solicitalo al correo: koha@justierradelfuego.gov.ar 0aDERECHO PENAL 0aPROCESO PENAL 0aRÉGIMEN PENAL DE LA MINORIDAD 0aPROYECTO DE LEY0 02729dBuenos Aires : LexisNexis, 2006-tRevista de derecho penal y procesal penal. Nº 10 - Octubre 2025z9875920622